000
00228nam a22000857a 4500
008
160926b xxu||||| |||| 00| 0 eng d
100
_9
738
_a
Aggarwala.N.K
245
_a
English Grammar-7
260
_a
New Delhi
_b
G.B.P. Publications
_c
2011
999
_c
3395
_d
3395